Logo CIB grande

MANUALES PARA EDUCACION AGROPECUARIA: OVINOS V.3 (Registro nro. 222872)

Detalles MARC
000 -LEADER
campo de control de longitud fija 00918nam a2200253Ia 4500
005 - FECHA Y HORA DE LA ÚLTIMA TRANSACCIÓN
campo de control 20250425162127.0
008 - DATOS DE LONGITUD FIJA--INFORMACIÓN GENERAL
campo de control de longitud fija 250425s9999 xx 000 0 und d
020 ## - NÚMERO INTERNACIONAL ESTÁNDAR DEL LIBRO
Número Internacional Estándar del Libro 968243663X
041 ## - CÓDIGO DE IDIOMA
Código de lengua del texto/banda sonora o título independiente spa
082 ## - NÚMERO DE LA CLASIFICACIÓN DECIMAL DEWEY
Número de clasificación 631
010 ## - NÚMERO DE CONTROL DE LA BIBLIOTECA DEL CONGRESO
Número de control de LC 51633
100 ## - ENTRADA PRINCIPAL--NOMBRE DE PERSONA
Nombre de persona KOESLAG, JOHAN H
245 #0 - MENCIÓN DEL TÍTULO
Título MANUALES PARA EDUCACION AGROPECUARIA: OVINOS V.3
250 ## - MENCION DE EDICION
Mención de edición 1A ED.
260 ## - PUBLICACIÓN, DISTRIBUCIÓN, ETC.
Lugar de publicación, distribución, etc. MEXICO
260 ## - PUBLICACIÓN, DISTRIBUCIÓN, ETC.
Lugar de publicación, distribución, etc. México
Nombre del editor, distribuidor, etc. TRILLAS
Fecha de publicación, distribución, etc. 1990
300 ## - DESCRIPCIÓN FÍSICA
Extensión 94
500 ## - NOTA GENERAL
Nota general EN CIBGZ-FIMCP 50235 PARA ING. AGROP. Y TECN. AGRICOLA.
520 ## - RESUMEN, ETC.
Sumario, etc. LOS SISTEMAS DE PRODUCCION OVINA SON DIFERENTES Y DEPENDEN DE LOS PROPIETARIOS DE LA CANTIDAD DE ANIMALES, ESPECIALMENTE DE LOS RECURSOS ECONOMICOS DEL PRODUCTOR.EXISTEN MUCHOS FACTORES QUE FRENAN EL DESARROLLO DE LA OVINOCULTURA EN LATINOAMERICA. UN
650 ## - PUNTO DE ACCESO ADICIONAL DE MATERIA--TÉRMINO DE MATERIA
Término de materia o nombre geográfico como elemento de entrada GANADO OVINO-CRIA
650 ## - PUNTO DE ACCESO ADICIONAL DE MATERIA--TÉRMINO DE MATERIA
Término de materia o nombre geográfico como elemento de entrada OVEJAS
710 ## - ENTRADA AGREGADA--NOMBRE DE ENTIDAD CORPORATIVA
Nombre de entidad corporativa o nombre de jurisdicción como elemento de entrada DIRECCION GENERAL DE EDUCACION TECNOLOGICA AGROPECUARIA
942 ## - ELEMENTOS DE ENTRADA SECUNDARIOS (KOHA)
Tipo de ítem Koha Libros
Existencias
Estatus retirado Estado de pérdida Estado de daño No para préstamo Biblioteca de origen Biblioteca actual Fecha de adquisición Coste, precio normal de compra Total de préstamos Código de barras Copia número
        FACULTAD DE INGENIERIA MECANICA Y CIENCIAS DE LA PRODUCCION FACULTAD DE INGENIERIA MECANICA Y CIENCIAS DE LA PRODUCCION 16/12/2003 15.00   50235 1

Copyright 2025 ESPOL. Todos los derechos reservados.